Sports Quiz

Random Sports or Basketball Quiz

Big Ten NBA First Rounders 2000's Quiz Stats

 Plays Quiz not verified by Sporcle

Challenge
Share
Tweet
Embed
Score 0/25 Timer 07:00
0 Plays Today
Year Player % Correct
2007Greg Oden
95.6%
2005Deron Williams
92.7%
2002Frank Williams
92.6%
2007Mike Conley
87.8%
2010Evan Turner
86.8%
2008Eric Gordon
73.1%
2004Devin Harris
69.1%
2000Mateen Cleaves
68.2%
2001Jason Richardson
66.6%
2006Shannon Brown
65.7%
2007Daequan Cook
59.3%
2003Brian Cook
59%
2005Luther Head
57.5%
Year Player % Correct
2000Morris Peterson
55.2%
2001Zach Randolph
54.8%
2008D.J. White
53.2%
2007Alando Tucker
52.8%
2000Jamal Crawford
50.3%
2004Kris Humphries
49.2%
2002Jared Jeffries
47.7%
2008Kosta Koufos
39%
2009Byron Mullens
34.5%
2006Maurice Ager
29.8%
2000Joel Przybilla
22.1%
2001Kirk Haston
15.6%

You're not logged in!

Compare scores with friends on all Sporcle quizzes.
Join for Free
OR
Log In

You Might Also Like...

Show Comments

Extras

Top Quizzes Today


Score Distribution

Your Account Isn't Verified!

In order to create a playlist on Sporcle, you need to verify the email address you used during registration. Go to your Sporcle Settings to finish the process.

Report this User

Report this user for behavior that violates our Community Guidelines.

Details: